=LDR 00000nam 2200000 4500 =001 INLIS000000000017018 =005 20130612112224 =008 ***********************************Ind** =035 ##$$0010-061300000017018 =041 ##$$a Ind =082 ##$$a 2x3.46 =090 ##$$a 2x3.46, Sya n =100 ##$$a Sya'ban, Hilmi Ali =245 ##$$a Nabi Shaleh, Seri para nabi, Helmi Ali Sya'ban ; penerjemah, Thalhatul Chair =260 ##$$a 2004 $b Yogyakarta =300 ##$$a ix, 110 hlm, 20 cm =650 ##$$a Cerita Rakyat =850 ##$$a NBPNMAT